000 01158nam a22003017a 4500
001 7207
003 FISKH
005 20250702142045.0
008 250702b cb ||||| |||| 00| 0 eng d
020 _a9781444015270
040 _aFISKH
_beng
_cFISKH
_dFISKH
050 _aPZ7.
082 _a823.92
100 _aSimon, Francesca
_d(1955-)
245 _aHorrid Henry and the Mummy's curse /
_cFrancesca Simon ; Illustrated by Tony Ross
250 _aThis edition first published in 2015
260 _aLondon :
_bOrion,
_c2015
300 _a76 pages :
_bcolor illustrations ;
_c20 cm
505 _aL
520 _aWhen Henry hears the story of the terrifying ancient Egyptian mummy's curse, he can't wait to share it with Peter. But are they safe from the mummy? Or has the curse struck somewhere close to home? What's the difference between a mum and a mummy anyway? A funny, spooky story, perfect for Hallowe'en.
521 8 _a510
_bLexile
521 8 _aL
_bRaz-Plus
650 _2Children's fiction
_aHilarious
650 _2Horrid Henry Series
_aAges 8-10
700 _aRoss, Tony
_dillustrator
942 _2ddc
_cBK
_n0
999 _c7207
_d7207